| 000 | 00857nam a2200277 a 4500 | ||
|---|---|---|---|
| 001 | 7705 | ||
| 003 | BD-RUCL | ||
| 005 | 20211208234448.0 | ||
| 008 | 140115s19941993enk 000 0 eng d | ||
| 020 | _a0138477817 | ||
| 020 | _a812030893X | ||
| 035 | _a(BD-RjUL)7749 | ||
| 040 |
_aBD-RjUL _beng _cBD-RjUL |
||
| 041 | _aeng | ||
| 082 |
_223 _a519.5 _bLES 1996 |
||
| 100 | 1 |
_aLevin, Richard I. _924034 |
|
| 245 | 1 | 0 |
_aStatistics for management / _cRichard I. Levin, David S. Rubin |
| 250 | _a6th ed | ||
| 260 |
_aLondon : _bPrentice-Hall International, _c1993 [Printing 1996] _c[printing 1994] |
||
| 300 |
_avarious pagings: _bill.; _c27 cm. |
||
| 650 | 0 |
_aManagement _xStatistical methods _921952 |
|
| 650 | 0 |
_aSocial sciences _xStatistical methods _9904 |
|
| 650 | 0 |
_aCommercial statistics _95458 |
|
| 700 | 1 |
_aRubin, David S. _923122 |
|
| 942 |
_2ddc _cBK _05 |
||
| 999 |
_c7705 _d7705 |
||